Statistics for Ocarina songs from The Legend of Zelda: Ocarina of Time

Click here to take the quiz!

General Stats

  • This quiz has been taken 3,463 times
    (3,461 since last reset)
  • The average score is 8 of 13

Answer Stats

Answer% Correct
Song of Time
86%
Song of Storms
85%
Zelda's Lullaby
82%
Epona's Song
79%
Saria's Song
78%
Bolero of Fire
66%
Sun's Song
64%
Minuet of Forest
50%
Serenade of Water
49%
Prelude of Light
47%
Nocturne of Shadow
44%
Scarecrow's Song
41%
Requiem of Spirit
38%

Score Distribution

Percentile by Number Answered

Percent of People with Each Score

Your Score History

You have not taken this quiz since the last reset